| 000 | 00555nam a2200217Ia 4500 | ||
|---|---|---|---|
| 003 | OSt | ||
| 005 | 20221005084537.0 | ||
| 006 | a|||||r|||| 00| 0 | ||
| 007 | ta | ||
| 008 | 221004b |||||||| |||| 00| 0 eng d | ||
| 024 | _a67832 | ||
| 037 | _cTextual | ||
| 040 |
_aCRL _cCRL _beng |
||
| 041 |
_2eng _aeng |
||
| 082 | _aX:513n1,N84, M4.13 | ||
| 245 | 0 | _aCreativity 13 | |
| 260 |
_aNew York _bArt Direction Book Company USA _c1984 |
||
| 650 | _aECONOMICS | ||
| 942 |
_hX:513n1,N84, M4.13 _cTEXL _2cc |
||
| 999 |
_c992778 _d992778 |
||